[Event "IRT Cerrado Sub Diciembre Santander"]
[Site "?"]
[Date "2013.12.17"]
[Round "?"]
[White "Navas, Gildardo"]
[Black "Sepulveda, Lyda Marcela"]
[Result "1-0"]
[WhiteElo "1515"]
[BlackElo "1538"]
[PlyCount "44"]
[EventDate "2013.??.??"]
[SourceTitle "OM OTB B 201907"]
[Source "Opening Master"]
[SourceDate "2019.07.06"]
[SourceVersion "2"]
[SourceVersionDate "2019.07.06"]
[SourceQuality "1"]

1. e4 e5 2. Nf3 Nc6 3. c3 Bc5 4. Bc4 Nf6 5. d3 O-O 6. Bg5 d6 7. Nbd2 Re8 8. Qb3
Na5 9. Qc2 Nxc4 10. Nxc4 c6 11. O-O-O d5 12. exd5 cxd5 13. Ncxe5 Bg4 14. Nxg4
Be7 15. Nxf6+ gxf6 16. Bh4 Qc7 17. d4 Kh8 18. Qf5 Rg8 19. g3 Rg6 20. Qf4 Qc4
21. Kb1 Rc8 22. Rhe1 Ba3 1-0

[Event "BEL-chT 1314"]
[Site "Belgium"]
[Date "2013.12.15"]
[Round "6.5"]
[White "Broekmeulen, Jasper"]
[Black "Kerigan, Demre"]
[Result "0-1"]
[WhiteElo "2439"]
[BlackElo "2281"]
[PlyCount "58"]
[EventDate "2013.09.22"]
[EventType "team-tourn"]
[EventRounds "11"]
[EventCountry "BEL"]
[SourceTitle "EXT 2015"]
[Source "ChessBase"]
[SourceDate "2014.11.20"]
[SourceVersion "1"]
[SourceVersionDate "2014.11.20"]
[SourceQuality "1"]
[WhiteTeam "Amay"]
[BlackTeam "Borgerhout"]
[WhiteTeamCountry "BEL"]
[BlackTeamCountry "BEL"]

1. e4 e5 2. Nf3 Nc6 3. c3 d5 4. Qa4 dxe4 5. Nxe5 Qd5 6. Nxc6 bxc6 7. Bc4 Qd6 8.
d3 exd3 9. O-O Be7 10. Re1 Nf6 11. Bf4 Qd7 12. Nd2 O-O 13. Nf3 Bd6 14. Ne5 Qf5
15. Bxd3 Qh5 16. Bg3 Re8 17. Nxc6 Bd7 18. Bxd6 cxd6 19. Qa6 Qc5 20. Nd4 Re5 21.
Nb3 Qc7 22. Rxe5 dxe5 23. Re1 Re8 24. Qc4 Qd6 25. Nc5 Bc6 26. b4 e4 27. Be2 Rd8
28. h3 e3 29. fxe3 Qg3 0-1

[Event "Oberliga Ost-A 1314"]
[Site "Germany"]
[Date "2013.12.15"]
[Round "5.2"]
[White "Proehl, Holger"]
[Black "Jurasek, Miroslav"]
[Result "1-0"]
[WhiteElo "2383"]
[BlackElo "2260"]
[PlyCount "105"]
[EventDate "2013.10.13"]
[EventType "team-tourn"]
[EventRounds "11"]
[EventCountry "GER"]
[SourceTitle "EXT 2015"]
[Source "ChessBase"]
[SourceDate "2014.11.20"]
[SourceVersion "1"]
[SourceVersionDate "2014.11.20"]
[SourceQuality "1"]
[WhiteTeam "Loeberitz"]
[BlackTeam "Aue Nickelhuette II"]
[WhiteTeamCountry "GER"]
[BlackTeamCountry "GER"]

1. e4 e5 2. Nf3 Nc6 3. c3 Nf6 4. d4 exd4 5. e5 Ne4 6. Qe2 d5 7. exd6 f5 8. Nbd2
Qxd6 9. Nxe4 fxe4 10. Qxe4+ Qe6 11. Bd3 dxc3 12. bxc3 Bd6 13. O-O Qxe4 14. Bxe4
Nd8 15. Ng5 h6 16. Bg6+ Kf8 17. Ne4 Be7 18. Bf4 Ne6 19. Be5 h5 20. f4 Kg8 21.
Nf2 Bf6 22. Rae1 Nf8 23. Bc2 Bxe5 24. Rxe5 Be6 25. Rxe6 Nxe6 26. Bb3 g6 27.
Bxe6+ Kg7 28. Bd5 c6 29. Be4 Rhe8 30. Rb1 Re7 31. Kf1 Rf8 32. g3 g5 33. f5 Rd8
34. Bd3 Rd5 35. Rb2 b6 36. Be4 Rde5 37. Re2 Rc5 38. Rd2 Rc4 39. Bd3 Ra4 40. Bb1
Re5 41. Rd6 Rb5 42. Bd3 Rd5 43. Rxc6 Rxa2 44. f6+ Kh6 45. Rc8 Rxd3 46. Nxd3 Kg6
47. Rc6 Ra5 48. Ke2 Rb5 49. f7+ Kg7 50. Rf6 Kf8 51. Ke3 Rd5 52. Ke4 Rd8 53. Ne5
1-0

[Event "CZE-chT2F 1314"]
[Site "Czechia"]
[Date "2013.12.15"]
[Round "4.17"]
[White "Reznicek, Marcel"]
[Black "Schoupal, Patrik"]
[Result "1-0"]
[WhiteElo "2068"]
[BlackElo "2069"]
[PlyCount "79"]
[EventDate "2013.11.03"]
[EventType "team-tourn"]
[EventRounds "11"]
[EventCountry "CZE"]
[SourceTitle "EXT 2016"]
[Source "ChessBase"]
[SourceDate "2015.10.10"]
[SourceVersion "1"]
[SourceVersionDate "2015.10.10"]
[SourceQuality "1"]
[WhiteTeam "Havirov Banik"]
[BlackTeam "Trinec II"]
[WhiteTeamCountry "CZE"]
[BlackTeamCountry "CZE"]

1. e4 e5 2. Nf3 Nc6 3. c3 f5 4. exf5 e4 5. Nd4 Nf6 6. g4 Bc5 7. Nb3 Bxf2+ 8.
Kxf2 O-O 9. d4 exd3 10. Bxd3 Ne5 11. h3 b6 12. Bf4 Nxd3+ 13. Qxd3 Bb7 14. Re1
d5 15. N1d2 c5 16. Qg3 Qd7 17. Be5 Qc6 18. Bxf6 Rxf6 19. Nf3 Raf8 20. Re5 h5
21. Rae1 d4 22. cxd4 c4 23. Nbd2 Rd6 24. Ne4 Rd7 25. Re6 Qa4 26. Nc3 Qc2+ 27.
R1e2 Qc1 28. d5 b5 29. a3 a5 30. Ne5 h4 31. Qe3 Qxe3+ 32. Kxe3 Rdd8 33. Rb6
Bxd5 34. Rxb5 Rfe8 35. Kf2 Bh1 36. Nxc4 Rf8 37. Ne5 Rd4 38. Ng6 Rfd8 39. Rbe5
Bc6 40. Ne7+ 1-0

[Event "IRT Cerrado Sub Diciembre Santander"]
[Site "?"]
[Date "2013.12.15"]
[Round "?"]
[White "Navas, Gildardo"]
[Black "Berbesi, Sarai"]
[Result "1-0"]
[WhiteElo "1515"]
[BlackElo "1638"]
[PlyCount "69"]
[EventDate "2013.??.??"]
[SourceTitle "OM OTB B 201907"]
[Source "Opening Master"]
[SourceDate "2019.07.06"]
[SourceVersion "2"]
[SourceVersionDate "2019.07.06"]
[SourceQuality "1"]

1. e4 e5 2. Nf3 Nc6 3. c3 Nf6 4. Bd3 Bc5 5. O-O O-O 6. Bc2 Re8 7. d4 exd4 8.
cxd4 Bb6 9. Bg5 h6 10. Bh4 g5 11. Bg3 Nxe4 12. Qd3 Nb4 13. Qb3 Nxc2 14. Qxc2
Nxg3 15. hxg3 Qf6 16. Qd3 d6 17. Nc3 Bg4 18. Nd5 Qd8 19. Rfe1 Rxe1+ 20. Rxe1
Be6 21. Rxe6 fxe6 22. Qg6+ Kf8 23. Qxh6+ Kf7 24. Nxg5+ Qxg5 25. Qxg5 exd5 26.
Qxd5+ Kf6 27. Qxb7 Re8 28. Qf3+ Kg5 29. Qd1 Ba5 30. Kh2 Rh8+ 31. Kg1 Re8 32.
Qa4 Re1+ 33. Kh2 Bb6 34. Qc2 Kg4 35. Qg6# 1-0

[Event "IRT Cerrado Sub Diciembre Santander"]
[Site "?"]
[Date "2013.12.14"]
[Round "?"]
[White "Navas, Gildardo"]
[Black "Suarez Pinto, Sergio Rafael"]
[Result "0-1"]
[WhiteElo "1515"]
[BlackElo "1778"]
[PlyCount "82"]
[EventDate "2013.??.??"]
[SourceTitle "OM OTB B 201907"]
[Source "Opening Master"]
[SourceDate "2019.07.06"]
[SourceVersion "2"]
[SourceVersionDate "2019.07.06"]
[SourceQuality "1"]

1. e4 e5 2. Nf3 Nc6 3. c3 Nf6 4. Bd3 Bc5 5. Bc2 d6 6. O-O O-O 7. d4 Bb6 8. Bg5
h6 9. Bh4 Bg4 10. Nbd2 exd4 11. cxd4 Nxd4 12. h3 Nxc2 13. Qxc2 Bh5 14. Rfe1 Re8
15. e5 dxe5 16. Nxe5 Qd4 17. Bg3 Ba5 18. Nb3 Qb4 19. Nxa5 Qxa5 20. b3 c6 21.
Nc4 Rxe1+ 22. Rxe1 Qxe1+ 23. Kh2 Bg6 24. Qb2 Ne4 25. Qe5 Qc3 26. Qc7 Nxg3 27.
Qxg3 Qxg3+ 28. Kxg3 b6 29. b4 f6 30. a3 Rd8 31. Nb2 Rd3+ 32. Nxd3 Bxd3 33. f4
c5 34. bxc5 bxc5 35. Kf2 c4 36. Ke3 Kf7 37. g4 g5 38. fxg5 fxg5 39. a4 Ke6 40.
a5 Kd6 41. Kd4 Kc6 0-1

[Event "London Classic op 5th"]
[Site "London"]
[Date "2013.12.13"]
[Round "7"]
[White "Shah, Dipak K"]
[Black "Pienabarca, Nicola"]
[Result "0-1"]
[WhiteElo "1886"]
[BlackElo "2139"]
[PlyCount "66"]
[EventDate "2013.12.07"]
[EventType "swiss"]
[EventRounds "9"]
[EventCountry "ENG"]
[SourceTitle "CBM 157 Extra"]
[Source "ChessBase"]
[SourceDate "2013.12.19"]
[SourceVersion "1"]
[SourceVersionDate "2013.12.19"]
[SourceQuality "1"]

1. e4 e5 2. Nf3 Nc6 3. c3 Nf6 4. d4 Nxe4 5. dxe5 Bc5 6. Nd4 Qh4 7. Be3 Nxd4 8.
cxd4 Bb4+ 9. Ke2 Nxf2 10. Qb3 Nxh1 11. Qxb4 Qxh2 12. Nc3 d6 13. Nd5 O-O 14.
Nxc7 Bg4+ 15. Kd2 Rac8 16. exd6 Ng3 17. d5 Rfd8 18. Qxg4 Nxf1+ 19. Rxf1 Qxd6
20. Bf4 Qb4+ 21. Ke3 Rxc7 22. Bxc7 Qxg4 23. Bxd8 Qd7 24. Ba5 Qxd5 25. Bc3 Qxg2
26. Rd1 h5 27. Rd2 Qg3+ 28. Ke4 f6 29. Rd3 Qg4+ 30. Ke3 h4 31. Kf2 h3 32. Rg3
Qh4 33. Be1 h2 0-1

[Event "FICGS__CHESS__CLASS_C__000206"]
[Site "FICGS"]
[Date "2013.12.12"]
[Round "1"]
[White "Mazo, Joel"]
[Black "Ward, David"]
[Result "0-1"]
[WhiteElo "1618"]
[BlackElo "1771"]
[PlyCount "54"]
[EventDate "2013.??.??"]
[EventType "tourn"]
[EventRounds "6"]
[SourceTitle "OM Corr 202003"]
[Source "Opening Master"]
[SourceDate "2019.05.30"]
[SourceVersion "2"]
[SourceVersionDate "2019.05.30"]
[SourceQuality "1"]

1. e4 e5 2. Nf3 Nc6 3. c3 d5 4. Bb5 dxe4 5. Nxe5 Qd5 6. Bxc6+ bxc6 7. d4 Bd6 8.
O-O c5 9. Qa4+ Kf8 10. Bf4 Nf6 11. Nd2 Bb7 12. f3 cxd4 13. cxd4 h6 14. Rac1 g6
15. fxe4 Nxe4 16. Nxg6+ fxg6 17. Qd7 Kg8 18. Bxd6 Nxd6 19. Nf3 Rh7 20. Qg4 Rg7
21. Rfe1 Nf5 22. Rc5 Qd6 23. Rce5 Bxf3 24. Qxf3 Qxd4+ 25. Kh1 Rf8 26. Qb3+ Kh7
27. Qa3 Rgf7 0-1

[Event "corr RSM2011"]
[Site "www.remoteschach.de"]
[Date "2013.12.10"]
[Round "3"]
[White "Langschmidt, Dirk"]
[Black "Nackas, Hans Juergen"]
[Result "1/2-1/2"]
[WhiteElo "1980"]
[BlackElo "2051"]
[PlyCount "96"]
[EventDate "2013.??.??"]
[EventType "tourn (corr)"]
[SourceTitle "OM Corr 202003"]
[Source "Opening Master"]
[SourceDate "2019.05.30"]
[SourceVersion "2"]
[SourceVersionDate "2019.05.30"]
[SourceQuality "1"]

1. e4 e5 2. Nf3 Nc6 3. c3 Nf6 4. d4 Nxe4 5. d5 Ne7 6. Nxe5 Ng6 7. Qd4 Nf6 8.
Be3 Nxe5 9. Qxe5+ Qe7 10. Qd4 c5 11. Qd3 Qe5 12. Nd2 Qxd5 13. Nb3 b6 14. O-O-O
Qxd3 15. Bxd3 d5 16. Bb5+ Bd7 17. Bxd7+ Kxd7 18. Bg5 Kc6 19. Rhe1 Bd6 20. Bxf6
gxf6 21. g3 Rae8 22. Nd2 Re5 23. f4 Rxe1 24. Rxe1 Rg8 25. Nf3 Rd8 26. Kc2 b5
27. Kd3 Rb8 28. Nh4 c4+ 29. Kc2 b4 30. Nf5 bxc3 31. bxc3 Ba3 32. Rb1 Rxb1 33.
Kxb1 Bc5 34. h3 Bg1 35. Kc2 Kc5 36. Kd2 d4 37. cxd4+ Bxd4 38. Nh6 Bf2 39. Nf5
a5 40. g4 a4 41. Kc3 Bg1 42. Nh6 Be3 43. Nxf7 Bxf4 44. h4 Bg3 45. h5 Bf4 46.
Nd8 Be5+ 47. Kc2 Kd5 48. Nf7 Ba1 1/2-1/2

[Event "Majstrovstva Slovenska Zakladne Skoly D"]
[Site "?"]
[Date "2013.12.09"]
[Round "?"]
[White "Poliakova, Emma"]
[Black "Ferkova, Dominika"]
[Result "1-0"]
[WhiteElo "1613"]
[BlackElo "1599"]
[PlyCount "77"]
[EventDate "2013.??.??"]
[SourceTitle "OM OTB B 201907"]
[Source "Opening Master"]
[SourceDate "2019.07.06"]
[SourceVersion "2"]
[SourceVersionDate "2019.07.06"]
[SourceQuality "1"]

1. e4 e5 2. Nf3 Nc6 3. c3 Nf6 4. d4 exd4 5. e5 Nd5 6. Bc4 Nb6 7. Bb3 Be7 8.
cxd4 d5 9. O-O O-O 10. Nc3 Bg4 11. Be3 Na5 12. Bc2 Nac4 13. Qd3 g6 14. Bh6 Re8
15. b3 Bxf3 16. Qxf3 Na3 17. Bd3 Bb4 18. Ne2 a6 19. Qg4 Qd7 20. Qg3 Bf8 21.
Bxf8 Rxf8 22. f4 Nb5 23. f5 Rfd8 24. a4 Na7 25. f6 Nc6 26. Qh4 Qe8 27. Rf3 Qf8
28. Rh3 h5 29. g4 Qh6 30. gxh5 g5 31. Qg4 Kh8 32. Ng3 Rg8 33. Nf5 Qh7 34. Ne7
Qh6 35. Nxg8 Rxg8 36. Rg3 Na5 37. Rb1 Na8 38. h4 c6 39. hxg5 1-0

[Event "Majstrovstva Slovenska Zakladne Skoly D"]
[Site "?"]
[Date "2013.12.09"]
[Round "?"]
[White "Ucekajova, Veronika"]
[Black "Ganzova, Veronika"]
[Result "1-0"]
[WhiteElo "1732"]
[BlackElo "1395"]
[PlyCount "53"]
[EventDate "2013.??.??"]
[SourceTitle "OM OTB B 201907"]
[Source "Opening Master"]
[SourceDate "2019.07.06"]
[SourceVersion "2"]
[SourceVersionDate "2019.07.06"]
[SourceQuality "1"]

1. e4 e5 2. Nf3 Nc6 3. c3 Nf6 4. d4 exd4 5. e5 Ne4 6. cxd4 d6 7. Bb5 Bd7 8. O-O
Be7 9. Re1 Ng5 10. Nxg5 Bxg5 11. exd6+ Kf8 12. dxc7 Qxc7 13. Bxg5 Nd8 14. Be7+
Kg8 15. Bxd7 Qxd7 16. Bxd8 Rxd8 17. Nc3 g6 18. d5 Kg7 19. Qd4+ Kg8 20. Rad1 a6
21. d6 b5 22. Re7 Qxe7 23. dxe7 Rxd4 24. e8=Q+ Kg7 25. Qe5+ f6 26. Qe7+ Kh6 27.
Rxd4 1-0

[Event "SVK-chT 1314"]
[Site "Slovakia"]
[Date "2013.12.08"]
[Round "4.5"]
[White "Neuman, Petr"]
[Black "Kusiak, Matej"]
[Result "1-0"]
[WhiteElo "2497"]
[BlackElo "2197"]
[PlyCount "81"]
[EventDate "2013.11.09"]
[EventType "team-tourn"]
[EventRounds "11"]
[EventCountry "SVK"]
[SourceTitle "CBM 157 Extra"]
[Source "ChessBase"]
[SourceDate "2013.12.19"]
[SourceVersion "1"]
[SourceVersionDate "2013.12.19"]
[SourceQuality "1"]
[WhiteTeam "Liptovsky Mikulas"]
[BlackTeam "Kosice Slavia TU"]
[WhiteTeamCountry "SVK"]
[BlackTeamCountry "SVK"]

1. e4 e5 2. Nf3 Nc6 3. c3 Nf6 4. d3 d5 5. Nbd2 g6 6. b3 Bg7 7. Ba3 Bf8 8. Bb2
Bg7 9. b4 O-O 10. Be2 Nh5 11. g3 Bh3 12. Bf1 Bxf1 13. Kxf1 Qd7 14. h3 Rad8 15.
Qe2 Rfe8 16. Kg2 Qe6 17. a3 Bh6 18. Rhe1 Bxd2 19. Nxd2 dxe4 20. dxe4 Rd7 21.
Rec1 Red8 22. Nf3 f6 23. c4 Ng7 24. Bc3 Qe7 25. Rd1 Ne6 26. Rd5 Ncd4 27. Bxd4
exd4 28. Qd3 c6 29. Rxd7 Rxd7 30. c5 b6 31. cxb6 axb6 32. Qa6 Rb7 33. e5 f5 34.
Qc4 c5 35. a4 Kg7 36. bxc5 bxc5 37. a5 Rb4 38. Qd5 Nc7 39. Qc6 Nb5 40. a6 Rb2
41. Qxb5 1-0

[Event "Milan Crespi op-B 34th"]
[Site "Milan"]
[Date "2013.12.07"]
[Round "5"]
[White "Costisanu, Romica"]
[Black "Gonella, Graziano"]
[Result "1-0"]
[WhiteElo "1483"]
[BlackElo "1155"]
[PlyCount "85"]
[EventDate "2013.12.04"]
[EventType "swiss"]
[EventRounds "7"]
[EventCountry "ITA"]
[SourceTitle "EXT 2015"]
[Source "ChessBase"]
[SourceDate "2014.11.20"]
[SourceVersion "1"]
[SourceVersionDate "2014.11.20"]
[SourceQuality "1"]

1. e4 e5 2. Nf3 Nc6 3. c3 Nf6 4. d3 d5 5. Qa4 Bd7 6. Bg5 Ne7 7. Qc2 dxe4 8.
dxe4 Nc6 9. Bc4 Be7 10. Nbd2 O-O 11. O-O-O Na5 12. h4 Nxc4 13. Nxc4 Ng4 14.
Ncxe5 Bxg5+ 15. hxg5 Nxe5 16. Nxe5 Qxg5+ 17. Kb1 Qxe5 18. Rxd7 Rac8 19. Rd5 Qf6
20. Rdh5 h6 21. R1h3 Rfe8 22. Rf5 Qe6 23. f3 Rcd8 24. Qe2 Qb6 25. Rh1 a6 26.
Qc4 Re7 27. Rd5 c6 28. Rc5 Re6 29. g4 g5 30. Rf1 Qc7 31. a3 Rd2 32. Rd5 Rxd5
33. exd5 Rd6 34. Rd1 b5 35. Qc5 Kg7 36. Qd4+ f6 37. Qc5 Kg6 38. c4 bxc4 39.
Qxc4 c5 40. Re1 Qb6 41. Re7 Qb5 42. Qe4+ f5 43. Qxf5# 1-0

[Event "Muensterland Verbandsliga 1314"]
[Site "Germany"]
[Date "2013.12.07"]
[Round "4.6"]
[White "Beyer, Dietmar"]
[Black "Pliete, Christian"]
[Result "0-1"]
[WhiteElo "1964"]
[BlackElo "1789"]
[PlyCount "62"]
[EventDate "2013.09.07"]
[EventType "team-tourn"]
[EventRounds "9"]
[EventCountry "GER"]
[SourceTitle "EXT 2015"]
[Source "ChessBase"]
[SourceDate "2014.11.20"]
[SourceVersion "1"]
[SourceVersionDate "2014.11.20"]
[SourceQuality "1"]
[WhiteTeam "Heiden"]
[BlackTeam "Raesfeld Erle"]
[WhiteTeamCountry "GER"]
[BlackTeamCountry "GER"]

1. e4 e5 2. Nf3 Nc6 3. c3 d5 4. Bb5 Bg4 5. Qa4 Qd6 6. Nxe5 Qxe5 7. Bxc6+ bxc6
8. Qxc6+ Ke7 9. O-O Rb8 10. d4 Qd6 11. Qxd6+ Kxd6 12. f3 Be6 13. b3 f6 14. exd5
Bxd5 15. c4 Bf7 16. Nc3 Kd7 17. Be3 a6 18. Rad1 Ne7 19. Rfe1 Nf5 20. Bf2 Bb4
21. Rc1 Bxc3 22. Rxc3 Rhe8 23. Rxe8 Rxe8 24. g4 Nd6 25. Kf1 Bg6 26. Bg3 Nb7 27.
Kf2 Na5 28. a3 Nc6 29. d5 Nd4 30. b4 Re2+ 31. Kf1 Rc2 0-1

[Event "NED-chT 1314"]
[Site "Netherlands"]
[Date "2013.12.07"]
[Round "3.2"]
[White "Bosch, Jeroen"]
[Black "Van der Werf, Mark"]
[Result "0-1"]
[WhiteElo "2385"]
[BlackElo "2419"]
[PlyCount "96"]
[EventDate "2013.09.21"]
[EventType "team-tourn"]
[EventRounds "9"]
[EventCountry "NED"]
[SourceTitle "EXT 2015"]
[Source "ChessBase"]
[SourceDate "2014.11.20"]
[SourceVersion "1"]
[SourceVersionDate "2014.11.20"]
[SourceQuality "1"]
[WhiteTeam "Calder HMC"]
[BlackTeam "Leiden LSG"]
[WhiteTeamCountry "NED"]
[BlackTeamCountry "NED"]

1. e4 e5 2. Nf3 Nc6 3. c3 d5 4. Qa4 Bd7 5. exd5 Nd4 6. Qd1 Nxf3+ 7. Qxf3 Bd6 8.
Bc4 f5 9. d4 e4 10. Qh5+ g6 11. Qg5 Qxg5 12. Bxg5 h6 13. Bd2 Nf6 14. Bb3 b5 15.
c4 bxc4 16. Bxc4 Kf7 17. Nc3 Kg7 18. g3 Rab8 19. b3 g5 20. Rc1 Rhe8 21. Ne2 Re7
22. Kf1 Nh5 23. Rg1 Kh7 24. h3 f4 25. g4 Nf6 26. Nc3 h5 27. Be2 hxg4 28. hxg4
Kg6 29. f3 exf3 30. Bxf3 Rh8 31. Re1 Rh3 32. Bd1 Kg7 33. Rxe7+ Bxe7 34. Be1 Bb4
35. Ne4 Nxe4 36. Bxb4 f3 37. Bxf3 Rxf3+ 38. Ke2 Rf7 39. Kd3 Nd6 40. Bd2 Kg6 41.
a4 Re7 42. Bb4 Rh7 43. Ba5 Rh3+ 44. Kc2 Ne4 45. Kb2 Nf6 46. Bxc7 Nxd5 47. Bd6
Be6 48. Bg3 Nf4 0-1

[Event "London Classic op 5th"]
[Site "London"]
[Date "2013.12.07"]
[Round "1"]
[White "Gates, David"]
[Black "Ilfeld, Etan"]
[Result "0-1"]
[WhiteElo "1727"]
[BlackElo "2178"]
[PlyCount "76"]
[EventDate "2013.12.07"]
[EventType "swiss"]
[EventRounds "9"]
[EventCountry "ENG"]
[SourceTitle "CBM 157 Extra"]
[Source "ChessBase"]
[SourceDate "2013.12.19"]
[SourceVersion "1"]
[SourceVersionDate "2013.12.19"]
[SourceQuality "1"]

1. e4 e5 2. Nf3 Nc6 3. c3 d6 4. Bb5 a6 5. Ba4 f5 6. d3 fxe4 7. dxe4 Nf6 8. Bb3
Na5 9. Bc2 Bg4 10. Nbd2 Qd7 11. b4 Nc6 12. O-O Ne7 13. c4 Ng6 14. Qe1 Nf4 15.
Nh4 Be2 16. Ndf3 Bxf1 17. Qxf1 g6 18. Bxf4 exf4 19. Rd1 Nh5 20. Qe2 Be7 21. e5
Ng7 22. exd6 cxd6 23. Nd4 O-O 24. Nhf3 Rae8 25. Bb3 Bf6 26. Qc2 Rc8 27. Qd3
Bxd4 28. Qxd4 Kh8 29. c5 d5 30. Ne5 Qf5 31. Re1 Rcd8 32. Bxd5 Rfe8 33. h3 h6
34. Re4 Kh7 35. f3 Nh5 36. Kh2 Nf6 37. Rxf4 Qxe5 38. Qxe5 Rxe5 0-1

[Event "Mediterranean op 6th"]
[Site "Rijeka"]
[Date "2013.12.06"]
[Round "8"]
[White "Rakita, Risto"]
[Black "Dizdarevic, Mirsad"]
[Result "0-1"]
[WhiteElo "1597"]
[BlackElo "1862"]
[PlyCount "52"]
[EventDate "2013.11.30"]
[EventType "swiss"]
[EventRounds "9"]
[EventCountry "CRO"]
[SourceTitle "CBM 157 Extra"]
[Source "ChessBase"]
[SourceDate "2013.12.19"]
[SourceVersion "1"]
[SourceVersionDate "2013.12.19"]
[SourceQuality "1"]

1. e4 e5 2. Nf3 Nc6 3. c3 Nf6 4. d3 Be7 5. h3 O-O 6. Be3 d5 7. Qc2 b6 8. Nbd2
Bb7 9. O-O-O Qd6 10. Bg5 Nd7 11. Bxe7 Nxe7 12. d4 c5 13. dxe5 Nxe5 14. exd5
Nxd5 15. Nxe5 Qxe5 16. Bd3 Nf6 17. Rhe1 Qc7 18. g4 g6 19. Kb1 Rfe8 20. Ne4 Qf4
21. Nxf6+ Qxf6 22. b3 Rad8 23. Rxe8+ Rxe8 24. Qd2 Rd8 25. Qe1 Bf3 26. Be2 Re8
0-1

[Event "Bogota McGregor op 4th"]
[Site "Bogota"]
[Date "2013.12.06"]
[Round "4"]
[White "Visser, Johan"]
[Black "Marquez, Benjamin"]
[Result "0-1"]
[WhiteElo "1773"]
[BlackElo "2036"]
[PlyCount "47"]
[EventDate "2013.12.04"]
[EventType "swiss"]
[EventRounds "9"]
[EventCountry "COL"]
[SourceTitle "CBM 157 Extra"]
[Source "ChessBase"]
[SourceDate "2013.12.19"]
[SourceVersion "1"]
[SourceVersionDate "2013.12.19"]
[SourceQuality "1"]

1. e4 e5 2. Nf3 Nc6 3. c3 d5 4. Qa4 Qd6 5. exd5 Qxd5 6. d4 Bd7 7. Qc4 Qe4+ 8.
Be3 exd4 9. cxd4 Be6 10. Qd3 Qxd3 11. Bxd3 Nb4 12. Be4 Nf6 13. a3 Nxe4 14. axb4
Bxb4+ 15. Nbd2 O-O 16. O-O Nxd2 17. Nxd2 Bd5 18. Rfc1 f5 19. g3 c6 20. Nc4 h6
21. h4 Kh7 22. Ne5 Be7 23. f4 Rg8 24. Ra5 0-1

[Event "Wellington Mazur Memorial"]
[Site "Wellington"]
[Date "2013.12.05"]
[Round "7"]
[White "Sknar, Andrew"]
[Black "Cunningham, Patrick D"]
[Result "0-1"]
[WhiteElo "1370"]
[BlackElo "1590"]
[PlyCount "56"]
[EventDate "2013.10.26"]
[EventType "swiss"]
[EventRounds "8"]
[EventCountry "NZL"]
[SourceTitle "OM OTB B 201907"]
[Source "Opening Master"]
[SourceDate "2019.07.06"]
[SourceVersion "2"]
[SourceVersionDate "2019.07.06"]
[SourceQuality "1"]

1. e4 e5 2. Nf3 Nc6 3. c3 Nf6 4. Ng5 h6 5. Nf3 Nxe4 6. d4 d6 7. d5 Ne7 8. Qa4+
Bd7 9. Qxe4 c6 10. Bc4 Bf5 11. Qe3 cxd5 12. Bb5+ Nc6 13. Nxe5 dxe5 14. Qxe5+
Be6 15. O-O Qd6 16. Qe2 a6 17. Bxc6+ bxc6 18. b4 Be7 19. g3 O-O 20. a3 Rfe8 21.
Qh5 Bf6 22. Ra2 Qe5 23. Qf3 Bh3 24. Re2 Qxe2 25. Qxe2 Rxe2 26. Rd1 Rae8 27. Be3
d4 28. cxd4 Bxd4 0-1

[Event "Mediterranean op 6th"]
[Site "Rijeka"]
[Date "2013.12.05"]
[Round "7"]
[White "Rakita, Risto"]
[Black "Milosevic, Bozidar"]
[Result "0-1"]
[WhiteElo "1597"]
[BlackElo "1734"]
[PlyCount "83"]
[EventDate "2013.11.30"]
[EventType "swiss"]
[EventRounds "9"]
[EventCountry "CRO"]
[SourceTitle "CBM 157 Extra"]
[Source "ChessBase"]
[SourceDate "2013.12.19"]
[SourceVersion "1"]
[SourceVersionDate "2013.12.19"]
[SourceQuality "1"]

1. e4 e5 2. Nf3 Nc6 3. c3 Nf6 4. Qc2 Bc5 5. h3 a6 6. b4 Ba7 7. Bc4 b5 8. Bd5
Qe7 9. d3 h6 10. a3 Bb7 11. O-O g5 12. g4 O-O-O 13. c4 Nxd5 14. cxd5 Nd4 15.
Nxd4 Bxd4 16. Ra2 Rdg8 17. Be3 h5 18. Bxd4 exd4 19. Qe2 hxg4 20. Qxg4 Rh4 21.
Qf5 Rgh8 22. f3 Rf4 23. d6 cxd6 24. Rc2+ Kb8 25. Qxf4 gxf4 26. Rh2 Qh4 27. Rff2
Qg3+ 28. Rhg2 Qh4 29. Rh2 Rc8 30. Nd2 d5 31. Kf1 Rc3 32. Ke2 Rxa3 33. Rfg2 a5
34. Rg4 Qh6 35. bxa5 Rxa5 36. h4 dxe4 37. dxe4 b4 38. Rhg2 Qa6+ 39. Kf2 Ra2 40.
Kg1 Qd3 41. Nf1 Ra1 42. Rf2 0-1

[Event "corr FICGS__CHESS"]
[Site "FICGS"]
[Date "2013.12.02"]
[Round "1"]
[White "Mazo, Joel"]
[Black "Vollmer, Steve"]
[Result "0-1"]
[WhiteElo "1618"]
[BlackElo "1523"]
[PlyCount "74"]
[EventDate "2013.??.??"]
[EventType "tourn (corr)"]
[SourceTitle "OM Corr 202003"]
[Source "Opening Master"]
[SourceDate "2019.05.30"]
[SourceVersion "2"]
[SourceVersionDate "2019.05.30"]
[SourceQuality "1"]

1. e4 e5 2. Nf3 Nc6 3. c3 Nf6 4. d4 exd4 5. e5 Qe7 6. cxd4 d6 7. Bb5 Bd7 8. O-O
dxe5 9. Bxc6 Bxc6 10. Nxe5 Bd5 11. Re1 Be6 12. Qa4+ c6 13. Nxc6 Qd7 14. Nc3
Qxc6 15. Nb5 Rc8 16. Bg5 Qd7 17. Bxf6 gxf6 18. d5 a6 19. dxe6 Qxb5 20. exf7+
Kxf7 21. Qg4 Bb4 22. Qe6+ Kg6 23. Qg4+ Kf7 24. Qe6+ Kg6 25. Re3 Rc5 26. h4 Rf5
27. Rg3+ Kh6 28. Qf7 Qe8 29. Qg7+ Kh5 30. Qg4+ Kh6 31. Qxf5 Qe5 32. Qd7 f5 33.
a3 Bc5 34. Rd1 Qxg3 35. Qd2+ Kh5 36. b4 Bb6 37. Qe2+ Qg4 0-1

[Event "IRI-ch"]
[Site "Tabriz"]
[Date "2013.12.01"]
[Round "7"]
[White "Sadeh, Shahin"]
[Black "Hosseinzadeh, Nima"]
[Result "0-1"]
[WhiteElo "2252"]
[BlackElo "2205"]
[PlyCount "102"]
[EventDate "2013.11.27"]
[EventType "swiss"]
[EventRounds "11"]
[EventCountry "IRI"]
[SourceTitle "CBM 157 Extra"]
[Source "ChessBase"]
[SourceDate "2013.12.19"]
[SourceVersion "1"]
[SourceVersionDate "2013.12.19"]
[SourceQuality "1"]

1. e4 e5 2. Nf3 Nc6 3. c3 Nf6 4. d4 exd4 5. e5 Nd5 6. cxd4 d6 7. Bc4 dxe5 8.
Qb3 Na5 9. Qa4+ Nc6 10. Nxe5 Bb4+ 11. Nd2 O-O 12. Nxc6 Qe8+ 13. Kd1 Bg4+ 14.
Nf3 Qxc6 15. Qxc6 Bxf3+ 16. gxf3 bxc6 17. Bxd5 cxd5 18. Bf4 Ba5 19. Rc1 Bb6 20.
Be3 f5 21. f4 Rf6 22. Kd2 Re8 23. Kd3 Ree6 24. Rc3 Kf7 25. b4 Rc6 26. Rhc1
Rxc3+ 27. Rxc3 c6 28. a4 Ke7 29. a5 Bd8 30. Rc5 a6 31. Rc1 Kd7 32. Rg1 Rg6 33.
Rxg6 hxg6 34. Bd2 Ke6 35. Ke2 Kf7 36. Kf3 Kg8 37. Kg3 Kh7 38. Kh3 Kh6 39. Kg3
Kh5 40. Be3 Bh4+ 41. Kh3 Be7 42. Bd2 Bd6 43. f3 Be7 44. Kg3 Bf6 45. Bc3 Bh4+
46. Kg2 g5 47. fxg5 Bxg5 48. Kg3 Be3 49. f4 Bc1 50. h4 g6 51. Be1 Bb2 0-1